[Event "AUTO-OPEN-366"]
[Site "http://www.queenalice.com/game.php?id=212905"]
[Date "2007.5.18"]
[Round "3"]
[White "Capakhine"]
[Black "mateintwo"]
[Result "0-1"]
[WhiteElo "1948"]
[BlackElo "2341"]

1. d4 f5 2. c4 Nf6 3. Nc3 g6 4. g3 Bg7 5. Bg2 d6 6. Nf3 O-O 7. O-O Nc6 8. d5 Ne5
9. Nxe5 dxe5 10. Qb3 Kh8 11. Qc2 e6 12. Be3 exd5 13. cxd5 Ne8 14. a4 a6 15. Bc5
Nd6 16. Ra3 b6 17. Bxd6 Qxd6 18. Raa1 e4 19. Rfd1 Bb7 20. e3 Rad8 21. f3 Qc5 0-1

[Event "AUTO-MASTER-383"]
[Site "http://www.queenalice.com/game.php?id=273335"]
[Date "2007.9.18"]
[Round "1"]
[White "rocato"]
[Black "Capakhine"]
[Result "0-1"]
[WhiteElo "2041"]
[BlackElo "1990"]

1. e4 c5 2. Nf3 e6 3. b4 cxb4 4. d4 d5 5. e5 Nc6 6. a3 Qa5 7. Bd2 Nge7 8. Bd3
Nf5 9. Bxf5 exf5 10. c3 Qa6 11. Qb3 Qd3 12. axb4 Bxb4 13. Na3 O-O 14. Qc2 Qe4+
15. Qxe4 fxe4 16. cxb4 exf3 17. Nb5 fxg2 18. Rg1 Be6 19. Rxg2 a6 0-1

[Event "AUTO-MASTER-383"]
[Site "http://www.queenalice.com/game.php?id=273336"]
[Date "2007.9.18"]
[Round "1"]
[White "Capakhine"]
[Black "rocato"]
[Result "1-0"]
[WhiteElo "1970"]
[BlackElo "2061"]

1. e4 c5 2. Nf3 d6 3. d4 cxd4 4. Nxd4 Nf6 5. Nc3 a6 6. Bg5 e6 7. f4 Qc7 8. Qf3
Be7 9. O-O-O Nc6 10. Nxc6 Qxc6 11. Be2 h6 12. Bh4 Bd7 13. Rhf1 O-O-O 14. e5 Qxf3
15. Rxf3 Nd5 16. Bxe7 Nxe7 17. exd6 Nf5 18. Rfd3 Bc6 19. Bg4 1-0

[Event "AUTO-MASTER-383"]
[Site "http://www.queenalice.com/game.php?id=273353"]
[Date "2007.9.18"]
[Round "1"]
[White "Capakhine"]
[Black "Rutty"]
[Result "1-0"]
[WhiteElo "1936"]
[BlackElo "2018"]

1. e4 e5 2. Nf3 Nc6 3. Bc4 Bc5 4. c3 Nf6 5. d4 exd4 6. cxd4 Bb4+ 7. Nc3 Nxe4 8.
O-O Bxc3 9. Qc2 O-O 10. Qxe4 Bb4 11. Bxf7+ Rxf7 12. Ng5 1-0

[Event "AUTO-MASTER-383"]
[Site "http://www.queenalice.com/game.php?id=273354"]
[Date "2007.9.18"]
[Round "1"]
[White "Rutty"]
[Black "Capakhine"]
[Result "0-1"]
[WhiteElo "1925"]
[BlackElo "1955"]

1. d4 Nf6 2. Nc3 d5 3. Nf3 g6 4. Bf4 Bg7 5. e3 O-O 6. Bd3 c5 7. dxc5 Nbd7 8. O-O
Nh5 9. Nxd5 Nxc5 10. Nc7 Rb8 11. Ne6 Bxe6 12. Bxb8 Qxb8 13. Nd4 Bd7 14. c3 Nf6
15. Rc1 Rd8 16. Be2 e5 17. Nb3 Bf5 18. Qxd8+ Qxd8 19. Nxc5 Qd2 20. Bc4 Qxb2 21.
h3 Qa3 22. Nxb7 Qe7 23. Ba6 Bf8 24. c4 Qe6 0-1

[Event "AUTO-MASTER-383"]
[Site "http://www.queenalice.com/game.php?id=273355"]
[Date "2007.9.18"]
[Round "1"]
[White "Capakhine"]
[Black "Kapichess"]
[Result "1/2-1/2"]
[WhiteElo "1932"]
[BlackElo "1994"]

1. d4 Nf6 2. c4 g6 3. Nf3 Bg7 4. e4 d6 5. Nc3 O-O 6. Be2 e5 7. O-O Nc6 8. Be3
Re8 9. dxe5 dxe5 10. Qxd8 Nxd8 11. Nb5 Ne6 12. Ng5 Re7 13. Rfd1 1/2-1/2

[Event "AUTO-MASTER-383"]
[Site "http://www.queenalice.com/game.php?id=273356"]
[Date "2007.9.18"]
[Round "1"]
[White "Kapichess"]
[Black "Capakhine"]
[Result "1/2-1/2"]
[WhiteElo "1992"]
[BlackElo "1934"]

1. d4 Nf6 2. Nf3 e6 3. c4 b6 4. g3 Bb7 5. Bg2 Be7 6. O-O O-O 7. Nc3 Ne4 8. Bd2
Bf6 9. Qc2 Nxd2 10. Qxd2 d6 11. Rad1 Nd7 12. Rfe1 g6 1/2-1/2

[Event "AUTO-OPEN-449"]
[Site "http://www.queenalice.com/game.php?id=274115"]
[Date "2007.9.19"]
[Round "3"]
[White "Bergman"]
[Black "Capakhine"]
[Result "1/2-1/2"]
[WhiteElo "2507"]
[BlackElo "2088"]

1. e4 c6 2. d4 d5 3. Nc3 dxe4 4. Nxe4 Nf6 5. Nxf6+ exf6 6. Nf3 Bd6 7. Bd3 O-O 8.
O-O Re8 9. c4 Na6 10. Re1 Rxe1+ 11. Nxe1 Be6 12. a3 Qd7 13. Qh5 g6 14. Qh4 Be7
15. Be3 Re8 16. Qf4 Bg4 17. h3 Bh5 18. g4 g5 19. Qf5 Qxf5 20. Bxf5 Bg6 21. Bxg6
fxg6 22. Rc1 Nc7 23. Kg2 f5 24. Nf3 h6 25. b4 Bf6 26. Rd1 f4 27. Bc1 Na8 28. Bb2
Nb6 1/2-1/2

[Event "AUTO-OPEN-449"]
[Site "http://www.queenalice.com/game.php?id=274116"]
[Date "2007.9.19"]
[Round "3"]
[White "Capakhine"]
[Black "Bergman"]
[Result "1/2-1/2"]
[WhiteElo "2102"]
[BlackElo "2500"]

1. d4 c5 2. d5 d6 3. c4 e5 4. e4 Nf6 5. Nc3 Qb6 6. Nf3 Be7 7. Be2 O-O 8. O-O Bd7
9. a3 Na6 10. Ne1 Ne8 11. Qc2 Qd8 12. f4 exf4 13. Bxf4 Bg5 14. Qd2 Bxf4 15. Qxf4
Qf6 16. Nd3 Qd4+ 17. Nf2 Qf6 18. g3 Qe7 19. Nd3 g5 20. Qd2 f6 21. b4 Bh3 22.
Rfe1 Bc8 23. Bf3 b6 24. Nd1 Nb8 25. Ne3 Ng7 26. bxc5 bxc5 27. Nxc5 a5 28. Nd3
Nd7 29. c5 1/2-1/2

[Event "AUTO-MASTER-383"]
[Site "http://www.queenalice.com/game.php?id=334027"]
[Date "2008.1.10"]
[Round "2"]
[White "Capakhine"]
[Black "Panter"]
[Result "1-0"]
[WhiteElo "2038"]
[BlackElo "2289"]

1. d4 d5 2. c4 c6 3. Nc3 Nf6 4. e3 e6 5. Nf3 Bd6 6. Bd3 dxc4 7. Bxc4 Qb6 8. O-O
O-O 9. e4 Be7 10. Qc2 Nbd7 11. Bf4 Rd8 12. Bd3 1-0

[Event "AUTO-MASTER-383"]
[Site "http://www.queenalice.com/game.php?id=334028"]
[Date "2008.1.10"]
[Round "2"]
[White "Panter"]
[Black "Capakhine"]
[Result "0-1"]
[WhiteElo "2269"]
[BlackElo "2064"]

1. e4 c5 2. Nf3 d6 3. d4 cxd4 4. Nxd4 Nf6 5. Nc3 a6 6. h3 g6 7. Be3 Bg7 8. Qd2
Nbd7 9. f4 b6 10. O-O-O Bb7 11. Bd3 b5 0-1

[Event "AUTO-MASTER-490"]
[Site "http://www.queenalice.com/game.php?id=376608"]
[Date "2008.3.25"]
[Round "1"]
[White "Capakhine"]
[Black "Kapichess"]
[Result "1/2-1/2"]
[WhiteElo "2112"]
[BlackElo "2088"]

1. e4 c5 2. Nf3 d6 3. d4 cxd4 4. Nxd4 Nf6 5. Nc3 Nc6 6. Bg5 e6 7. Qd3 Be7 8.
O-O-O O-O 9. Nb3 d5 10. Bxf6 Bxf6 11. exd5 Nb4 12. Qb5 Bxc3 13. bxc3 1/2-1/2

[Event "AUTO-MASTER-490"]
[Site "http://www.queenalice.com/game.php?id=376619"]
[Date "2008.3.25"]
[Round "1"]
[White "aormic"]
[Black "Capakhine"]
[Result "1-0"]
[WhiteElo "2177"]
[BlackElo "2111"]

1. e4 e5 2. Nf3 Nc6 3. Bb5 a6 4. Ba4 Nf6 5. O-O Be7 6. Re1 b5 7. Bb3 d6 8. c3
O-O 9. d4 Bg4 10. Be3 exd4 11. cxd4 Na5 12. Bc2 c5 13. h3 cxd4 14. Bxd4 Bh5 15.
Nc3 1-0

[Event "AUTO-MASTER-490"]
[Site "http://www.queenalice.com/game.php?id=376620"]
[Date "2008.3.25"]
[Round "1"]
[White "Capakhine"]
[Black "aormic"]
[Result "0-1"]
[WhiteElo "2101"]
[BlackElo "2225"]

1. e4 c5 2. Nf3 Nc6 3. Nc3 d6 4. d4 cxd4 5. Nxd4 Nf6 6. Bg5 e6 7. Bb5 Bd7 8. O-O
Be7 9. Nxc6 bxc6 10. Be2 Qc7 11. Qd3 Rb8 12. Rab1 O-O 13. Qg3 Rfe8 14. Rfd1 e5
15. b4 Be6 16. a3 Red8 0-1